01523nam a22002417a 450000500170000000800410001702000220005805000210008010000170010124500390011825000070015726000450016430000200020950000190022965001620024894200120041099900190042295201680044195201680060995201680077795201680094595201680111320250718123130.0250718b |||||||| |||| 00| 0 eng d a978-1-133-94783-7 aHG3881 .M33 2015 aMADURA, JEFF aINTERNATIONAL FINANCIAL MANAGEMENT a12 aSTAMFORD, CT, bCENGAGE LEARNING, c2015 aXXV, 722P.: ILL aINCLUDES INDEX a1. INTERNATIONAL FINANCE 2. FOREIGN EXCHANGE 3. ASSET-LIABILITY MANAGEMENT 4. BANKS AND BANKING, INTERNATIONAL 5. INTERNATIONAL BUSINESS ENTERPRISES--FINANCE 2lcccBK c215935d215935 00102lcc406HG3881 M33 02015708BUS9372599aKSULbKSULcDISPLAYd2025-07-18i109163l0oHG3881 .M33 2015p000000024496r2025-07-18 12:32:10t1w2025-07-18yBK 00102lcc406HG3881 M33 02015708BUS9372600aKSULbKSULcDISPLAYd2025-07-18i109164l0oHG3881 .M33 2015p000000024495r2025-07-18 12:32:00t2w2025-07-18yBK 00102lcc406HG3881 M33 02015708BUS9372601aKSULbKSULcDISPLAYd2025-07-18i109165l0oHG3881 .M33 2015p000000024494r2025-07-18 12:32:00t3w2025-07-18yBK 00102lcc406HG3881 M33 02015708BUS9372602aKSULbKSULcDISPLAYd2025-07-18i109166l0oHG3881 .M33 2015p000000024493r2025-07-18 12:32:00t4w2025-07-18yBK 00102lcc406HG3881 M33 02015708BUS9372603aKSULbKSULcDISPLAYd2025-07-18i109167l0oHG3881 .M33 2015p000000024492r2025-07-18 12:32:00t5w2025-07-18yBK